Zbierka úloh z matematiky 1

Enregistré dans:
Détails bibliographiques
Auteur principal: Drobná, Oľga
Collectivité auteur: Vysoká škola ekonomická v Bratislave. Fakulta riadenia
Autres auteurs: Sekerová, Viera
Format: Livre
Langue:slovaque
Publié: Bratislava VŠE 1987
Édition:3. vyd.
Tags: Ajouter un tag
Pas de tags, Soyez le premier à ajouter un tag!

MARC

LEADER 00000nam a2200000 4500
001 c111723
005 20260327081714.8
041 0 |a slo 
044 |a SK 
245 1 0 |a Zbierka úloh z matematiky 1  |c Oľga Drobná, Viera Sekerová 
250 |a 3. vyd. 
264 1 |a Bratislava  |b VŠE  |c 1987 
300 |a 294 s. 
100 1 |a Drobná, Oľga 
700 1 |a Sekerová, Viera 
710 2 |a Vysoká škola ekonomická v Bratislave. Fakulta riadenia